[Event "SRB-chT"]
[Site "Vrnjacka Banja"]
[Date "2012.09.30"]
[Round "2.2"]
[White "Misailovic, Nebojsa"]
[Black "Martinovic, Slobodan"]
[Result "0-1"]
[WhiteElo "2313"]
[BlackElo "2447"]
[PlyCount "118"]
[EventDate "2012.09.29"]
[EventType "team-tourn"]
[EventRounds "11"]
[EventCountry "SRB"]
[SourceTitle "CBM 150 Extra"]
[Source "ChessBase"]
[SourceDate "2012.10.19"]
[SourceVersion "1"]
[SourceVersionDate "2012.10.19"]
[SourceQuality "1"]
[WhiteTeam "Uzice Sloboda"]
[BlackTeam "Kraljevo Sloga"]
[WhiteTeamCountry "SRB"]
[BlackTeamCountry "SRB"]

1. e4 c5 2. Nf3 d6 3. d4 cxd4 4. Nxd4 Nf6 5. Nc3 Nc6 6. Bg5 e6 7. Qd2 a6 8. 0-0-0 Bd7 9. Nb3 b5 10. f3 Be7 11. h4 Qc7 12. Kb1 Ne5 13. Rc1 Rc8 14. Nd1 0-0 15. h5 h6 16. Bh4 Rfd8 17. Be2 Be8 18. Qe1 Bc6 19. Nd4 Bb7 20. Ne3 Qb6 21. Bf2 Qc7 22. g4 Nh7 23. Bh4 d5 24. Bxe7 Qxe7 25. exd5 Bxd5 26. Nxd5 Rxd5 27. Nb3 Qf6 28. Qb4 Nc4 29. Na5 Nd2+ 30. Ka1 Rd4 31. c4 Ng5 32. Nb3 Nxb3+ 33. Qxb3 Qe5 34. Rhe1 bxc4 35. Qc3 Qf4 36. Red1 e5 37. b3 Rcd8 38. Rxd4 exd4 39. Qxc4 Qe3 40. Qc7 Ne6 41. Qc4 d3 42. Bd1 d2 43. Rb1 Qe5+ 44. Rb2 Nf4 45. Qe4 Qf6 46. Qf5 Qd4 47. Qe4 Qf6 48. Qf5 Qxf5 49. gxf5 Nxh5 50. b4 Ng3 51. b5 axb5 52. Rxb5 h5 53. f6 g6 54. a4 Nf5 55. Rb3 Rc8 56. a5 Rc1+ 57. Rb1 Rc5 58. Rb8+ Kh7 59. Kb2 Ne3 0-1

[Event "SRB-chT"]
[Site "Vrnjacka Banja"]
[Date "2012.09.29"]
[Round "1.6"]
[White "Tosic, Miroslav"]
[Black "Misailovic, Nebojsa"]
[Result "0-1"]
[WhiteElo "2421"]
[BlackElo "2313"]
[PlyCount "72"]
[EventDate "2012.09.29"]
[EventType "team-tourn"]
[EventRounds "11"]
[EventCountry "SRB"]
[SourceTitle "CBM 150 Extra"]
[Source "ChessBase"]
[SourceDate "2012.10.19"]
[SourceVersion "1"]
[SourceVersionDate "2012.10.19"]
[SourceQuality "1"]
[WhiteTeam "Pirot"]
[BlackTeam "Uzice Sloboda"]
[WhiteTeamCountry "SRB"]
[BlackTeamCountry "SRB"]

1. c4 Nf6 2. Nc3 d5 3. cxd5 Nxd5 4. g3 g6 5. Bg2 Nb6 6. Nf3 Bg7 7. 0-0 0-0 8. d3 Nc6 9. Bg5 Nd5 10. Qd2 Re8 11. Rfd1 Nxc3 12. bxc3 Qd6 13. Rab1 b6 14. Bh6 Bh8 15. e4 Ba6 16. d4 Rad8 17. e5 Qa3 18. Qc2 Bc8 19. Nh4 Nb8 20. Be4 Bd7 21. Rb3 Qa5 22. Nxg6 hxg6 23. Bxg6 Bg7 24. Bxf7+ Kxf7 25. Qh7 Rg8 26. c4 Bg4 27. Rdd3 Rdf8 28. Re3 Qxa2 29. Rf3+ Ke8 30. Qg6+ Kd8 31. Qxg4 Bxh6 32. Qe6 Qd2 33. c5 Rxf3 34. Rxf3 Rf8 35. Qd5+ Kc8 36. c6 Qc1+ 0-1